Böhm Stephanie, Klassizistische Weihreliefs, Zur römischen Rezeption griechischer Votivbilder (DAI, Rome, Palilia, 13), Wiesbaden, Dr. Ludwig Reichert Verlag, 2004, 1 vol. 23 × 29, 128 p., 80 fig. ds t. (notice n° 1595732)
[ vue normale ]
| 000 -LEADER | |
|---|---|
| fixed length control field | 00639cam a2200145 4500500 |
| 005 - DATE AND TIME OF LATEST TRANSACTION | |
| control field | 20251228073710.0 |
| 041 ## - LANGUAGE CODE | |
| Language code of text/sound track or separate title | fre |
| 042 ## - AUTHENTICATION CODE | |
| Authentication code | dc |
| 100 10 - MAIN ENTRY--PERSONAL NAME | |
| Personal name | Zagdoun, Mary-Anne |
| Relator term | author |
| 245 00 - TITLE STATEMENT | |
| Title | Böhm Stephanie, Klassizistische Weihreliefs, Zur römischen Rezeption griechischer Votivbilder (DAI, Rome, Palilia, 13), Wiesbaden, Dr. Ludwig Reichert Verlag, 2004, 1 vol. 23 × 29, 128 p., 80 fig. ds t. |
| 260 ## - PUBLICATION, DISTRIBUTION, ETC. | |
| Date of publication, distribution, etc. | 2005.<br/> |
| 500 ## - GENERAL NOTE | |
| General note | 6 |
| 786 0# - DATA SOURCE ENTRY | |
| Note | Revue archéologique | 40 | 2 | 2005-09-01 | p. 365zd-437zd | 0035-0737 |
| 856 41 - ELECTRONIC LOCATION AND ACCESS | |
| Uniform Resource Identifier | <a href="https://shs.cairn.info/revue-archeologique-2005-2-page-365zd?lang=fr&redirect-ssocas=7080">https://shs.cairn.info/revue-archeologique-2005-2-page-365zd?lang=fr&redirect-ssocas=7080</a> |
Pas d'exemplaire disponible.




Réseaux sociaux